000
00278nam a2200097Ic 4500
008
240520s9999 xx 000 0 und d
100
1
_a
Tarnant, John
245
1
0
_a
Drucker : the man who insented the corporate society /
_c
John Tarnant
264
1
_b
[S.l. : s.n.]
_c
1980
942
_c
BK
999
_c
18472
_d
18472